000
00241nam a2200097Ia 4500
001
787510
005
20250826170341.0
008
250824s9999 xx 000 0 und d
245
0
_a
STRUMA
_c
Yazar Adı Belirtilmemiş
260
_b
DESTEK YAYINLARI
999
_c
787510
_d
787510